Cartas a quien pretende enseñar
Saved in:
| Main Author: | |
|---|---|
| Format: | Book |
| Language: | Spanish |
| Published: |
Cuernavaca
Siglo Veintiuno
2006
|
| Edition: | 11a. ed |
| Subjects: | |
| Tags: |
Add Tag
No Tags, Be the first to tag this record!
|
MARC
| LEADER | 00000cam a2200000 a 4500 | ||
|---|---|---|---|
| 001 | UCH3189 | ||
| 003 | CL-VaPUC | ||
| 005 | 20231004164425.0 | ||
| 008 | 090715e20060000MX |||||||||||||||||spa|d | ||
| 999 | |c 334813 |d 334811 | ||
| 020 | |a 9682319447 | ||
| 040 | |c Pontificia Universidad Católica de Valparaíso | ||
| 082 | 0 | 4 | |a 371.1 |b FRE |2 21 |
| 100 | |a Freire, Paulo |e autor |9 352356 | ||
| 245 | 1 | 0 | |a Cartas a quien pretende enseñar |
| 250 | |a 11a. ed | ||
| 260 | |a Cuernavaca |b Siglo Veintiuno |c 2006 | ||
| 300 | |a 141 p | ||
| 583 | |a last modification |c 20120323 03:25:38 |k Rodrigo Vera | ||
| 650 | 0 | |a Formación Docente |9 307493 | |
| 650 | 0 | |a Orientación Vocacional |9 258384 | |
| 942 | |c BK |2 ddc | ||
| 945 | |d 20090715 00:00:00 |a dcastane | ||
| 952 | |0 0 |1 0 |4 0 |6 371_100000000000000_FRE_2006 |7 0 |8 A |9 424034 |a BIBMAT |b BIBMAT |c E_DIDACT |d 2019-11-22 |i 4572556 |o 371.1 FRE 2006 |p 4572556 |r 2025-01-07 |w 2019-11-22 |y BK |k MAT | ||
| 952 | |0 0 |1 0 |4 0 |6 371_100000000000000_FRE_2006 |7 0 |8 A |9 424035 |a BIBGIM |b BIBGIM |d 2019-11-22 |i 4850203 |l 1 |o 371.1 FRE 2006 |p 4850203 |r 2025-01-15 |s 2024-10-21 |w 2019-11-22 |y BK |k SSL | ||